| 000 | 01205 a2200241 4500 | ||
|---|---|---|---|
| 005 | 20081211150957.0 | ||
| 010 | _aB-309543 | ||
| 020 |
_c150.00 _a9788189486150 |
||
| 035 | _aB-309543 | ||
| 037 | _b PUB | ||
| 082 | _aक | ||
| 245 |
_aप्रेमचन्द की बाल कहानियाँ / _cदरवेश 'भारती' द्वारा संपादित |
||
| 246 |
_aPremchand Ki Bal kahaniyan _bEdited by Darvesh 'Bharti'h |
||
| 260 |
_aदिल्ली _bकादम्बरी प्रकाशन _c2008 |
||
| 270 |
_a5451,शिव मार्किट,न्यू चन्द्रावल,जवाहर नगर _bदिल्ली _e110007 _k011-65352060 |
||
| 300 |
_a112 पृ _c24 सेमी (सजिल्द) _bसचित्र |
||
| 650 |
_aबाल कहानियाँ _91328 |
||
| 650 |
_aChildren Stories _917256 |
||
| 700 |
_aदरवेश 'भारती' _917255 |
||
| 942 |
_adpl _cCH _2ddc _hक _mप्रेमच |
||
| 999 |
_c20897 _d20897 |
||